Dược lâm sàng đại cương
Guardat en:
| Autor principal: | |
|---|---|
| Format: | Llibre |
| Idioma: | Undetermined |
| Publicat: |
Hà Nội
Y Học
2003
|
| Etiquetes: |
Afegir etiqueta
Sense etiquetes, Sigues el primer a etiquetar aquest registre!
|
| Thư viện lưu trữ: | Trung tâm Học liệu Trường Đại học Cần Thơ |
|---|
| LEADER | 00490nam a2200181Ia 4500 | ||
|---|---|---|---|
| 001 | CTU_45534 | ||
| 008 | 210402s9999 xx 000 0 und d | ||
| 020 | |b 28000 | ||
| 082 | |a 615.7 | ||
| 082 | |b H527 | ||
| 100 | |a Hoàng Thị Kim Huyền | ||
| 245 | 0 | |a Dược lâm sàng đại cương | |
| 245 | 0 | |c Hoàng Thị Kim Huyền | |
| 260 | |a Hà Nội | ||
| 260 | |b Y Học | ||
| 260 | |c 2003 | ||
| 904 | |i Năm | ||
| 980 | |a Trung tâm Học liệu Trường Đại học Cần Thơ | ||